| 000 | 01084cab a22002775a 4500 | ||
|---|---|---|---|
| 001 | L144118 | ||
| 008 | 080619e20080301xxkad f s 000 0 eng d | ||
| 035 | _a(Sirsi) u144118 | ||
| 041 | 0 | _aeng | |
| 100 | 1 | _aFinch, Dermot | |
| 245 | 0 | 0 |
_aFocus supplement _bWest Midlands |
| 260 | _c2008 | ||
| 490 | 0 |
_aEstates Gazette _v(0808) 1 March 2008 (Supplement) |
|
| 520 | _aLooks at how the region might boost its economic performance and the future of business parks. Compares regeneration plans for Coventry and Birmingham. Considers the prospects for road pricing (pay as you go) in Birmingham. Asks where new homes will be built over the next twenty years. Reports on a mixed-use project at Icknield Port Loop. Gives a market overview. | ||
| 590 | _aKA | ||
| 651 | 4 | _aWest Midlands | |
| 690 | _aPROPERTY-COMMERCIAL PROPERTY-COMMERCIAL PROPERTY MARKET | ||
| 700 | 1 | _aPotter, Carl | |
| 700 | 1 | _aPilkington, Lisa | |
| 700 | 1 | _aWehner, Piers | |
| 700 | 1 | _aHalstead, Ian | |
| 700 | 1 | _aNeale, Jon | |
| 700 | 1 | _aCunningham, Daniel | |
| 700 | 1 | _aMorrison, Adrian | |
| 942 | _n0 | ||
| 999 |
_c80352 _d80352 |
||